| 000 | 01059cam a2200301 a 4500 | ||
|---|---|---|---|
| 001 | 12943824 | ||
| 005 | 20220326193344.0 | ||
| 008 | 020411s2001 bl a b 001 0 por | ||
| 010 | _a 2002370022 | ||
| 020 | _a8586374709 | ||
| 035 | _a(DLC) 2002370022 | ||
| 040 |
_aDLC _cDLC |
||
| 041 | 0 | _aporeng | |
| 042 | _alcode | ||
| 082 |
_a701.18 _bC145w |
||
| 100 | 1 |
_aDuarte, Paulo Sérgio. _92440 |
|
| 245 | 1 | 0 |
_aWaltercio Caldas / _ctexto de Paulo Sergio Duarte. |
| 260 |
_aSão Paulo, SP : _bCosac & Naify, _cc2001. |
||
| 300 |
_a303 p. : _bill. (col.) ; _c30 cm. |
||
| 504 | _aIncludes bibliographical references (p.296-303) and index. | ||
| 546 | _aPortuguese and English. | ||
| 600 | 1 | 0 |
_aCaldas Júnior, Waltércio, _d1946- _xCriticism and interpretation. _94814 |
| 600 | 1 | 0 |
_aCaldas Júnior, Waltércio, _d1946- _xCrítica e interpretación _94815 |
| 650 |
_aArte Moderno _zBrasil _93029 |
||
| 700 | 1 |
_aCaldas Júnior, Waltércio, _d1946- _94816 |
|
| 906 |
_a7 _bcbc _corigode _d2 _encip _f20 _gy-gencatlg |
||
| 999 |
_c875 _d875 |
||